Human physiology / (Record no. 7025)

MARC details
000 -LEADER
fixed length control field 01373cam a2200229 4500
001 - CONTROL NUMBER
control field 8152
005 - DATE AND TIME OF LATEST TRANSACTION
control field 20181127185229.0
008 - FIXED-LENGTH DATA ELEMENTS--GENERAL INFORMATION
fixed length control field 120228s2013 nyua 001 0 eng
010 ## - LIBRARY OF CONGRESS CONTROL NUMBER
LC control number 2012003894
020 ## - INTERNATIONAL STANDARD BOOK NUMBER
International Standard Book Number 0073403628 (hard copy : alk. paper)
International Standard Book Number 9780073403625 (hard copy : alk. paper)
082 00 - DEWEY DECIMAL CLASSIFICATION NUMBER
Classification number 612
Edition number 23
100 1# - MAIN ENTRY--PERSONAL NAME
Personal name Fox, Stuart Ira.
245 10 - TITLE STATEMENT
Title Human physiology /
Statement of responsibility, etc. Stuart Ira Fox.
250 ## - EDITION STATEMENT
Edition statement 13th ed.
260 ## - PUBLICATION, DISTRIBUTION, ETC.
Place of publication, distribution, etc. New York, NY :
Name of publisher, distributor, etc. McGraw-Hill,
Date of publication, distribution, etc. c2013.
300 ## - PHYSICAL DESCRIPTION
Extent xx, 752, [57] p. :
Other physical details col. ill. ;
Dimensions 28 cm.
500 ## - GENERAL NOTE
General note Includes index.
506 ## - RESTRICTIONS ON ACCESS NOTE
Terms governing access CONTENTS: The study of Body function -- Chemical composition of the body -- Cell structure and genetic control -- Enzymes and Energy -- Cell Respiration and metabolism -- Interactions between cells and extracellular environment -- The nervous system:neurons and synapses -- The central nervous system -- The autonomic nervous system -- Sensory Physiology -- Endocrine glands:secretion and action of hormones -- Muscle:mechanisms of contration and neural control -- Blood,heart and circulation -- Cardiac output,blood flow and blood pleasure -- The Immune system -- Respiratory physiology -- Physiology of the kidneys-- The digestive system -- Regulation and metabolism -- Reproduction.
Physical access provisions
Authorized users
Authorization
650 #0 - SUBJECT ADDED ENTRY--TOPICAL TERM
Topical term or geographic name entry element Human physiology
Form subdivision Textbooks.
Holdings
Withdrawn status Lost status Source of classification or shelving scheme Damaged status Not for loan Collection code Home library Current library Shelving location Date acquired Serial Enumeration / chronology Inventory number Total Checkouts Total Renewals Full call number Barcode Date last seen Date last checked out Copy number Price effective from Koha item type
    Dewey Decimal Classification     Main TEST RTC Library RTC Library Main opac 10/08/2021 12273 10 3 612 FOX 30011611 29/09/2024 14/08/2024 1 27/11/2018 Main
    Dewey Decimal Classification     Main TEST RTC Library RTC Library Main opac 05/08/2021 12274 7 8 612 FOX 30011534 19/09/2025 05/09/2025 2 27/11/2018 Main
Royal Thimphu College || All Right Reserved